LEADER 00878cam0-2200325---450- 001 990004709790403321 005 20150930144951.0 035 $a000470979 035 $aFED01000470979 035 $a(Aleph)000470979FED01 035 $a000470979 100 $a19990604d1955----km-y0itay50------ba 101 0 $afre 102 $aFR 105 $ay-------001yy 200 1 $aTraité de phonétique grecque$fpar Michel Lejeune 205 $a2e éd. riv. e corr. 210 $aParis$cKlincksieck$d1955 215 $aXV, 374 p.$d24 cm 225 1 $aCollection de philologie classique$v3 610 0 $aLingua greca$aFonetica 676 $a481.5 676 $a414.8 700 1$aLejeune,$bMichel$0172207 801 0$aIT$bUNINA$gRICA$2UNIMARC 901 $aBK 912 $a990004709790403321 952 $aFCL 434A (3)$bIst.Fil.cl. 945$fFLFBC 959 $aFLFBC 997 $aUNINA LEADER 02813 am 2200613 n 450 001 9910416517503321 005 20180205 010 $a2-84788-992-2 024 7 $a10.4000/books.enseditions.8642 035 $a(CKB)3790000000585194 035 $a(FrMaCLE)OB-enseditions-8642 035 $a(oapen)https://directory.doabooks.org/handle/20.500.12854/42363 035 $a(PPN)225227991 035 $a(EXLCZ)993790000000585194 100 $a20180222j|||||||| ||| 0 101 0 $afre 135 $auu||||||m|||| 181 $ctxt$2rdacontent 182 $cc$2rdamedia 183 $acr$2rdacarrier 200 13$aLe bonheur dans la modernité $eConseillers agricoles et agriculteurs (1945-1985) /$fSylvain Brunier 210 $aLyon $cENS Éditions$d2018 311 $a2-84788-990-6 330 $aÀ partir de l?étude du groupe professionnel des conseillers agricoles, ce livre propose de renouveler l?histoire sociale et politique de la modernisation de l?agriculture française durant les Trente Glorieuses. Il décrit les conditions d?émergence du métier de conseiller et examine les ressorts utilisés pour obtenir l?adhésion des agriculteurs aux politiques de modernisation. L?ouvrage montre que les conseillers agricoles sont les véritables chevilles ouvrières de ces politiques, qui entendent concilier l?intensification des modes de production avec le maintien, et même la promotion, des exploitations familiales. Il éclaire ainsi la spécificité de la séquence historique de l?après-guerre et la mise en crise de ce projet modernisateur, à partir des années 1970. L?ouvrage s?adresse non seulement aux spécialistes de sociologie et d?histoire rurale mais aussi à l?ensemble de celles et ceux qui souhaitent comprendre dans quelles dynamiques sociales et historiques s?inscrivent les transformations sans précédent du monde agricole au xxe siècle. 517 $abonheur dans la modernité 606 $aSociology 606 $asocio-histoire 606 $aagriculture 606 $amodernisation 606 $aconseil 606 $aintermédiaires 606 $asocial history 606 $aadvisory work 606 $aintermediaries 610 $aagriculture 610 $aadvisory work 610 $asocial history 610 $aintermediaries 610 $amodernisation 615 4$aSociology 615 4$asocio-histoire 615 4$aagriculture 615 4$amodernisation 615 4$aconseil 615 4$aintermédiaires 615 4$asocial history 615 4$aadvisory work 615 4$aintermediaries 700 $aBrunier$b Sylvain$01290119 801 0$bFR-FrMaCLE 906 $aBOOK 912 $a9910416517503321 996 $aLe bonheur dans la modernité$93385200 997 $aUNINA LEADER 03338nam 2200625 a 450 001 9910789430003321 005 20210603215433.0 010 $a1-283-12089-5 010 $a9786613120892 010 $a90-04-20559-4 024 7 $a10.1163/ej.9789004201668.i-426 035 $a(CKB)2670000000093481 035 $a(EBL)717618 035 $a(OCoLC)729639981 035 $a(SSID)ssj0000502631 035 $a(PQKBManifestationID)12194300 035 $a(PQKBTitleCode)TC0000502631 035 $a(PQKBWorkID)10520927 035 $a(PQKB)10937738 035 $a(MiAaPQ)EBC717618 035 $a(nllekb)BRILL9789004205598 035 $a(Au-PeEL)EBL717618 035 $a(CaPaEBR)ebr10470475 035 $a(CaONFJC)MIL312089 035 $a(PPN)174545711 035 $a(EXLCZ)992670000000093481 100 $a20110106d2011 uy 0 101 0 $aeng 135 $aur|n|---||||| 181 $ctxt 182 $cc 183 $acr 200 10$aEncountering cruelty$b[electronic resource] $ethe fracture of the human heart /$fby Michael Reid Trice ; with a foreword by Robert J. Schreiter 210 $aLeiden ;$aBoston $cBrill$d2011 215 $a1 online resource (446 p.) 225 1 $aStudies in systematic theology,$x1876-1518 ;$vv. 6 300 $aDescription based upon print version of record. 311 $a90-04-20166-1 320 $aIncludes bibliographical references and index. 327 $tPreliminary Material /$rMichael Reid Trice --$tIntroduction /$rMichael Reid Trice --$tEncountering Cruelty: /$rMichael Reid Trice --$tIntra-Personal Cruelty: /$rMichael Reid Trice --$tInterpersonal Cruelty: /$rMichael Reid Trice --$tInstitutional Cruelty: /$rMichael Reid Trice --$tEpilogue ? A Dispatch: /$rMichael Reid Trice --$tBibliography /$rMichael Reid Trice --$tIndex /$rMichael Reid Trice. 330 $aInterest in recent years in reconciliation and conflict transformation has witnessed a great deal of attention to building a future through forgiveness and preventative measures in order to impede egregious wrongdoing. This effort for a reconciled future is absent reflection on the nature of cruelty. Cruelty has always been apparent in massive acts of wrongdoing and yet is repeatedly concealed in our assessment of the acts themselves. This book is a theologically honest and deep-structure exploration of cruelty in its personal, communal and institutional encounters in human life. Drawing on Nietzsche's challenge of cruelty to the western tradition, the work offers a comprehensive study of how cruelty undermines care, trust, respect and justice ? all those elements of human reciprocity that mark our lives as interdependent beings. The work concludes with a tightly written Epilogue on interpreting the theological meaning and accessibility of reconciliation today. 410 0$aStudies in systematic theology (Leiden, Netherlands) ;$vv. 6. 606 $aCruelty 606 $aReconciliation$xReligious aspects$xCatholic Church 615 0$aCruelty. 615 0$aReconciliation$xReligious aspects$xCatholic Church. 676 $a241/.3 700 $aTrice$b Michael Reid$01549359 801 0$bMiAaPQ 801 1$bMiAaPQ 801 2$bMiAaPQ 906 $aBOOK 912 $a9910789430003321 996 $aEncountering cruelty$93807327 997 $aUNINA